000
00250nam a2200133Ia 4500
100
_a
Dasgupta/Sanjoy
942
_c
BK
366
_f
20
245
_a
Algorithms
260
_b
Mc Graw Hill
_c
2008
300
_a
320
546
_a
ENGLISH
999
_c
25741
_d
25741